000 01011nam a2200301 4500
003 EG-GICUC
005 20260121101348.0
008 251126s1937 fr ||||fr|||| 00| 0 fre d
040 _aEG-GiCUC
_bfre
_cEG-GiCUC
_dEG-GiCUC
_eRda
041 _afre
082 0 4 _221
_a341.22
_bB A . A
092 0 4 _221
099 _aLaw1 11 341.22 B A . A 1937
100 1 _aBalogh , Arthur de
_eAuteur
245 1 2 _al’Action de la SociЀtЀ des nations en matiЀre de protection des minorites /
_cArthur de Balogh.
264 1 _aparis ;
_bles editions internationales,
_c1937.
300 _a page ;
_c 24 cm.
336 _2rda contenu
_a texte
337 _2rda medias
_aOrdinateur
338 _2 transporteur rda
_a Ressource en ligne
504 _aRéférences bibliographiques
546 _aTexte en français
650 1 _aSocie te des nations
_xDroit international
_2qrmak
651 1 _2qrmak
856 4 0 _uhttps://fll.law.cu.edu.eg/fulltext/bks/B11-06156.pdf
905 _a75
_eYara
942 _2ddc
_n0
_cBK
_e21
999 _c46272
_d46272